Attack-Defense Scenario for Cyber Range

Gespeichert in:
Bibliographische Detailangaben
1. Verfasser: Gaža, Sofia (Verfasst von)
Weitere Verfasser: Laštinec, Ján (Betreuung Doktorarbeit)
Format: Manuskript Buch
Sprache:Slowakisch
Englisch
Veröffentlicht: 2025
Schlagworte:
Online-Zugang:http://is.stuba.sk/zp/portal_zp.pl?podrobnosti=177127
Tags: Tag hinzufügen
Keine Tags, Fügen Sie das erste Tag hinzu!

MARC

LEADER 00000ntm a22000003a 4500
001 stuzp105880
003 SK-STU
005 20250607211932.4
007 ta
008 150427s2015----xo-----f-mn---000-0-slo-d
040 |a STU  |b slo 
041 0 |a eng 
100 1 |a Gaža, Sofia  |u 070400  |4 aut  |U FIIT Fakulta informatiky a informačných technológií  |T FIIT Ústav počítačového inžinierstva a aplikovanej informatiky  |X 103058  |U I400  |Y 672  |7 103058 
242 0 1 |a Scenár hry pre kybernetický polygón  |y slo 
245 1 0 |a Attack-Defense Scenario for Cyber Range 
260 |c 2025 
650 4 |a Attack-defense  |2 eng 
650 4 |a serious games  |2 eng 
650 4 |a cyber range  |2 eng 
650 4 |a útok-obrana  |2 slo 
650 4 |a vážne hry  |2 slo 
650 4 |a kybernetický polygón  |2 slo 
700 1 |a Laštinec, Ján  |u 070300  |k Z3  |4 ths  |U FIIT Fakulta informatiky a informačných technológií  |T FIIT Ústav aplikovanej informatiky  |X 56214  |U I300  |Y 180  |7 A000056214 
856 4 |u http://is.stuba.sk/zp/portal_zp.pl?podrobnosti=177127